Contribuicao para a proteccao integrada na regiao autónoma da Madeira

Saved in:
Bibliografiske detaljer
Main Authors: Aguiar, Antonio M. Franquinho (Author), Brazao, Celestina (Author), Carvalho, José Passos (Author), Cravo, Délia (Author), Félix, Ana Paula (Author), Fernandes, Adelaide (Author), Pereira, Rui (Author), Pestana, Margarida (Author), Rodrigues, Maria Isabel (Author), Sardinha, Duarte (Author), Vasconcelos, Zita (Author)
Format: Bog
Sprog:portugisisk
Udgivet: Madeira Direccao Regional de Agricultura 1999
Fag:
Tags: Tilføj Tag
Ingen Tags, Vær først til at tagge denne postø!

MARC

LEADER 00000nam a2200000 a 4500
001 UCN8974
003 CL-VaPUC
008 011123e19990000PO |||||||||||||||||por|d
082 0 4 |a 632.3  |b AGU  |2 21 
100 0 |a Aguiar, Antonio M. Franquinho  |e author  |9 465503 
700 0 |a Brazao, Celestina  |e author  |9 465504 
700 0 |a Carvalho, José Passos  |e author  |9 465505 
700 0 |a Cravo, Délia  |e author  |9 465506 
700 0 |a Félix, Ana Paula  |e author  |9 465507 
700 0 |a Fernandes, Adelaide  |e author  |9 465508 
700 0 |a Pereira, Rui  |e author  |9 465509 
700 0 |a Pestana, Margarida  |e author  |9 465510 
700 0 |a Rodrigues, Maria Isabel  |e author  |9 465511 
700 0 |a Sardinha, Duarte  |e author  |9 465512 
700 0 |a Vasconcelos, Zita  |e author  |9 465513 
245 1 0 |a Contribuicao para a proteccao integrada na regiao autónoma da Madeira 
300 |a 363 p 
942 |c BK 
945 |d 20011123 00:00:00  |a cmena 
260 |a Madeira  |b Direccao Regional de Agricultura  |c 1999 
500 |a Subprograma de Luta contra Trialeurodes vaporiorum. Subprograma de Luta contra Aleurothrixus floccosus, Maskell 
650 0 |a Agricultura  |9 255598 
650 0 |a Control de enfermedades  |9 371520 
650 0 |a Control de plagas  |9 327373 
583 |a last modification  |c 20190708 10:05:09  |k Rodrigo Vera 
999 |c 298645  |d 298643